Apprentissages et didactiques, ou en est-on? : former, organiser pour enseigner

Αποθηκεύτηκε σε:
Λεπτομέρειες βιβλιογραφικής εγγραφής
Άλλοι συγγραφείς: Vergnaud, Gerard
Μορφή: Βιβλίο
Γλώσσα:French
Δημοσίευση: Paris : Hachette, 1994
Θέματα:
Ετικέτες: Προσθήκη ετικέτας
Δεν υπάρχουν, Καταχωρήστε ετικέτα πρώτοι!

MARC

LEADER 00000nam a2200000 i 4500
001 1/22827
008 970716s1994 fre d
020 |a 2-01-1703484 
035 |a 1994  |b 3  |c Χατζηνικήτα  |l 10036676 
040 |a GR-MY-UA  |b gre  |e aacr 
041 0 |a fre 
082 0 |a 370.1 
245 1 0 |a Apprentissages et didactiques, ou en est-on? :  |b former, organiser pour enseigner /  |c coordonne par Gerard Vergnaud 
260 |a Paris :   |b Hachette,   |c 1994 
300 |a 206 p. 
650 0 0 |a Education  |x Aims and objectives. 
650 0 0 |a Education  |x Methodology. 
700 1 |a Vergnaud, Gerard. 
852 |a INST  |b RHODES  |e 19970716  |h 370.1 APP  |p 005400007708  |q 005400007708  |t BK  |y 0 
909 |a Ρ  |b 038041  |c 1994 
970 |z 2000/08/ΔΕΜΕΝΑΓΑΣ ΠΕΤΡΟΣ